La investigación psicoanalítica del lenguaje : algoritmo David Liberman /

Libro que expone un método de investigación del discurso últil para el estudio de los procesos psicoterapéuticos desde la perspectiva freudiana. El método (algoritmo David Liberman) pretende detectar las erogeneidades -sensación de placer no ligada a una zona erógena- y las defensas del discurso del...

ver descrição completa

Na minha lista:
Detalhes bibliográficos
Autor principal: Maldavsky, David (autor)
Formato: Livro
Idioma:espanhol
Publicado em: Buenos Aires, Argentina : Lugar Editorial, 2004, c2004
Assuntos:
Tags: Adicionar Tag
Sem tags, seja o primeiro a adicionar uma tag!

MARC

LEADER 00000nam^a2200000^a^4500
001 000180223
005 20250521000000.0
009 20260310101852.158
020 |a 950-892-190-0 
037 |a Acervo ITESO - Biblioteca 
041 |a ESP 
082 |a 150. 1952  |b MAL 
100 |a Maldavsky, David  |e (autor) 
245 1 3 |a La investigación psicoanalítica del lenguaje :  |b algoritmo David Liberman /  |c D. Maldavsky 
264 4 |a Buenos Aires, Argentina :  |b Lugar Editorial,  |c 2004, c2004 
300 |a 287 p. 
336 |a texto  |b txt  |2 rdacontenido 
337 |a sin mediación  |b n  |2 rdamedio 
338 |a volumen  |b nc  |2 rdasoporte 
520 |a Libro que expone un método de investigación del discurso últil para el estudio de los procesos psicoterapéuticos desde la perspectiva freudiana. El método (algoritmo David Liberman) pretende detectar las erogeneidades -sensación de placer no ligada a una zona erógena- y las defensas del discurso del paciente. Para ello, el autor dispone de cinco instrumentos: tres estudian las erogeneidades, en los niveles de relato, frase y palabra; dos estudian las defensas en el relato y las frases. 
649 |a XX 
650 |a Psicoanálisis Kleiniano 
650 |a Psicoanálisis Freudiano 
650 |a Análisis del Discurso 
650 |a Psicoanálisis y Semiótica 
650 |a Psicoanálisis -  |x Teoría 
910 |a Fondo General 
920 |a Impresos - Libros 
930 |a Colección General 
905 |a 101 
901 |a 0500119430  |b IT1  |c ACC  |u 20250521 
902 |a https://opac.biblio.iteso.mx/vufind/Record/000180223